Nahjul Balagha of Hazrat Ali (Record no. 5817)

MARC details
000 -LEADER
fixed length control field 00606nam a2200253 a 4500
020 ## - INTERNATIONAL STANDARD BOOK NUMBER
ISBN
082 00 - DEWEY DECIMAL CLASSIFICATION NUMBER
Classification number 297.82
Author Cutter IMA
100 ## - MAIN ENTRY--AUTHOR NAME
Author name Imam Ali,
245 ## - TITLE STATEMENT
Title Nahjul Balagha of Hazrat Ali
260 ## - PUBLICATION, DISTRIBUTION, ETC. (IMPRINT)
Place of publication New York
Name of publisher Tahrike Tarsile Quran
Year of publication 1960
300 ## - PHYSICAL DESCRIPTION
Number of Pages 300p
500 ## - GENERAL NOTE
General note includes index and biblioraphy
505 2# - FORMATTED CONTENTS NOTE
Formatted contents note Bibliography, index
650 ## - SUBJECT ADDED ENTRY--TOPICAL TERM
Topical Term Apologetics
650 ## - SUBJECT ADDED ENTRY--TOPICAL TERM
Topical Term Shiah-Ali
942 ## - ADDED ENTRY ELEMENTS (KOHA)
Koha item type Books
700 1# -
-- Imam Ali,
Holdings
Collection code Home library Current library Date acquired Cost, normal purchase price Full call number Accession Number Koha item type
  Henry Martyn Institute Library Henry Martyn Institute Library 06/28/2007 100.00 297.82 IMA 09698 Books
                   Copyright © 2026 | Henry Martyn Institute | Hyderabad | TS-500052 | INDIA | Implemented by hmi.edu.in
Hit-Count:

Powered by Koha